01372cam a22002897a 4500001000500000005001700005020001800022020001500040040005400055050002100109082001400130100002200144245011200166246004000278260003500318300004700353500005900400505000600459520041200465521001800877521001800895650002800913650004500941650002200986655003001008700004401038173720230925132405.0 a9780545150613 a0545150612 aBTCTAbengcBTCTAdMCLSWdGO3dSOMdEHHdUPZdDLC00aPZ7b.T3388 201004a[Fic]222 aStilton, Geronimo10aThea Stilton and the secret city /c[text by Thea Stilton ; illustrations by Alessandro Battan ... et al.].1 iAt head of title:aGeronimo Stilton aNew York :bScholastic,c2010. a161 pages :bcolor illustrations ;c20 cm. a"English translation by Atlantyca S.p.A."--T.p. verso. aK a"When Paulina gets a phone call from home telling her that a friend is missing, the Thea Sisters travel to Peru to help solve the mystery. There, the five mice climb the Andes Mountains in search of a missing archaeologist. Along the way, they stumble upon clues leading them to a mysterious hidden city. Will the Thea Sisters find Paulina's friend, and the treasure of the Secret City?" -- P. [4] of cover.0 a620 bLexile1 aK bRaz-Plus 0aMicevJuvenile fiction. 0aTreasure troveszPeruvJuvenile fiction. 0aHumorous stories. 7aAdventure fiction.2gsafd1 aBattan, Alessandro,d1974-eillustrator